Principles of production control (Record no. 22888)

MARC details
000 -LEADER
fixed length control field 00343nam a2200121Ia 4500
082 ## - DEWEY DECIMAL CLASSIFICATION NUMBER
Classification number 658.5
Item number BUR
100 ## - MAIN ENTRY--AUTHOR NAME
Personal name Burbidge, John L
245 #0 - TITLE STATEMENT
Title Principles of production control
250 ## - EDITION STATEMENT
Edition statement Ed.3
260 ## - PUBLICATION, DISTRIBUTION, ETC. (IMPRINT)
Place of publication London
Name of publisher English language book society & Macdonald and Evans Ltd
Year of publication 1971
942 ## - ADDED ENTRY ELEMENTS (KOHA)
Koha item type Books
Holdings
Withdrawn status Lost status Damaged status Not for loan Home library Current library Date acquired Cost, normal purchase price Full call number Accession Number Koha item type
        RRII Library RRII Library 16/12/2021 24.00 658.5 BUR 03599 Books